000
00303nam a22001337a 4500
008
260313b ||||| |||| 00| 0 eng d
020
_a
0000100278
041
_a
eng
080
_a
11.1
100
_a
20.1
101
_a
ngjarje
245
_a
Ikja nga Kompleksi i Rozafës
_c
Artan Fuga
942
_2
udc
_c
BK
999
_c
60895
_d
60895